000 03227ncm0a2200505 4500
001 RU\NLR\ONIZ\292837
005 20260215045230.0
035 _a(NLR Aleph) 022722315
071 2 0 _a22129
090 _a13550483
_c13550483
100 _a20221004d1898 u y0rusy50 ca
101 0 _arus
102 _aRU
125 _az|
128 _armc
145 0 _ac
200 1 _aОставь его
_bНоты
_e"Оставь его, его другая любит..."
_eцыганский романс
_ecanto, piano
_fмузыка Ф. Шишкина
_gслова Н. Небаронова
203 _aМузыка
_bзнаковая
_bвизуальная
_cнепосредственная
210 _aВ Москве
_cП. Юргенсон
_dценз.1898
215 _a5 с.
_d34 см
225 1 _aЦыгане
_eсобрание цыганских романсов и песен
_fарранжированных Николаем, Алексеем Шишкиными и др.
_v№ 29
300 _aПросп. сер.: тит. л.
300 _aНа тит. л. штамп: Музыкальная торговля И. Ф. Брюно в Казани
313 _aСистематизация документа проведена по изданию - Методика классифицирования музыкальных произведений (нотных изданий) по таблицам Библиотечно-библиографических классификаций : метод. рекомендации / Гос. б-ка СССР им. В.И. Ленина.- М., 1977. Индексу ББК методических рекомендаций присваивается код ББК для научных библиотек - LBC/SL
606 1 _aВокальная музыка русская
_z19-20 вв.
_jНоты
_2nlr_sh
606 1 _aМузыкальные произведения для голоса с фортепиано
_yРоссия
_z19-20 вв.
_jНоты
_2nlr_sh
606 1 _aРомансы для голоса с фортепиано
_yРоссия
_z19-20 вв.
_jНоты
_2nlr_sh
606 1 _aЦыганские романсы
_yРоссия
_z19-20 вв.
_jНоты
_2nlr_sh
686 0 _aЩ943.4-42-043.32(28)
700 1 _9z01790
_aШишкин
_bФ. К.
_fкон. 19 - нач. 20 в.
_gФедор К.
_4230
_7ca
702 1 _9z02790
_aНебаронов
_bН.
_fкон. 19 - нач. 20 в.
_gНиколай
_4520
_7ca
702 1 _9z03790
_aШишкин
_bН. И.
_cкомпозитор
_f1845-1911
_gНиколай Иванович
_4030
_7ca
702 1 _9z04790
_aШишкин
_bА. И.
_f? - 1887
_gАлексей Иванович
_4030
_7ca
790 1 _9z01700
_aŠiškin
_bF.
_fкон. 19 - нач. 20 в.
_gFedor
_4230
_7ba
790 1 _9z02702
_aNebaronov
_bN.
_fкон. 19 - нач. 20 в.
_gNikolaj
_4520
_7ba
790 1 _9z03702
_aŠiškin
_bN. I.
_f1845-1911
_gNikolaj Ivanovič
_4030
_7ba
790 1 _9z04702
_aŠiškin
_bA. I.
_f? - 1887
_gAleksej Ivanovič
_4030
_7ba
801 0 _aRU
_bNLR
_c20221004
_gPSBO
801 1 _aRU
_bNLR
_c20221004
_2rusmarc
801 2 _aRU
_bNLR
_c20260204
852 _aNLR
_gМ
_jК-4/5562
_m269270
_t1
942 _cSCORE
980 _aONIZ
980 _aNB